00912nam a22002057a 450000500170000001000150001702000260003203500140005803700090007208200110008124500390009225000060013126000410013727000880017830000200026650002170028694200220050399900190052595201620054420250707112515.0 aENG-145710 a9789361592799c620.00 aEN-129242 bDBAD a00026 aLegal Aptitude Workbook (2025-26)/ a6 aNoidabPearson India Educationc2025 a15th Floor, Towe-B, World Trade Tower, Plot No.1, Block-C, Sector-16bNoidae201301 avpp.c25cm(pbk) aFor Law Entrances (UG & PG) | CLAT, SLAT, BLAT, MAH (CET-LAW), AILET, PU, DU, IPU, UPES & Other UG/PG Law Entrance Exams | Includes Chapter on Family Laws - Hindu and Muslim Laws | Includes CLAT/AILET 2025, 2024  2ddccENh000mBHA c212145d212145 001040708NFICaLbLd2025-07-07eDelivery of Books Act Divisiong620.00l1o000 BHApEN-129242r2025-12-06 00:00:00s2025-11-15t1v620.00w2025-07-07yEN